| 000 | 00885nam a22002537i 4500 | ||
|---|---|---|---|
| 003 | EG-ScBUE | ||
| 005 | 20230612114143.0 | ||
| 008 | 200219s2022 ua a f b 000 0 eng d | ||
| 020 | _a9789295097278 | ||
| 040 |
_aEG-ScBUE _beng _erda _cEG-ScBUE _dEG-ScBUE |
||
| 043 | _af------ | ||
| 082 | 0 | 4 |
_222 _a338.96 _bAFR |
| 245 | 0 | 0 |
_aAfrican trade report 2022 : _bleveraging the power of culture and creative industries for accelerated structural transformation in the AfCFTA Era. |
| 264 | 1 |
_aCairo : _bAfrican Export Import Bank, _c2022. |
|
| 300 |
_a116 pages : _bcolor illustrations ; _c28 cm |
||
| 336 |
_2rdacontent _atext _btxt |
||
| 337 |
_2rdamedia _aunmediated _bn |
||
| 338 |
_2rdacarrier _avolume _bnc |
||
| 504 | _aIncludes bibliographical references. | ||
| 651 | 7 |
_aAfrica _xCommerce. _2BUEsh |
|
| 655 | _vReading book | ||
| 942 |
_2ddc _cBB |
||
| 999 |
_c30476 _d30447 |
||